Magic: the Gathering cards - Statistics

General Stats
  • This quiz has been taken 917 times
  • The average score is 9 of 20
Answer Stats
Hint Answer % Correct
A powerful flower. Black Lotus
86%
White 4/4 with flying and vigilance. Serra Angel
71%
Cast it for 15. Emrakul, the Aeons Torn
68%
Instantly draw three cards for one mana. Ancestral Recall
63%
Kill stuff for 1B. Doom Blade
60%
"Protection from everything" Progenitus
60%
Planeswalker for two mana. Tibalt, the Fiend-Blooded
58%
"Restart the game" Karn Liberated
53%
Black planeswalker that can be played in a mono-green deck. Garruk, the Veil-Cursed
47%
Multicolored elf berserker for four. Bloodbraid Elf
44%
"In response to that, I'll spread all my permanents out a bit." Chaos Orb
42%
Green vanilla creature that's expensive in money but not in mana. Tarmogoyf
40%
Red hasty 1/1 for one. He's not happy. Raging Goblin
35%
Lets you play magic while you play magic. Shahrazad
35%
How am I supposed to shuffle this? Battle of Wits
34%
A little bird that often used to hold some big swords. Squadron Hawk
29%
Scalable Azorius mythic. Sphinx's Revelation
25%
Winning is for losers. Abyssal Persecutor
14%
Legends are quite annoying, aren't they? Karakas
14%
They said I could be anything, so I became a fire-breathing lizard. Form of the Dragon
11%
No matching quizzes found
Score Distribution
Percent of People with Each Score
Percentile by Number Answered
Your Score History
You have not taken this quiz